000 00767nam a22002417a 4500
003 dpl
005 20180524142304.0
008 180524b xxu||||| |||| 00| 0 eng d
010 _aA-991978
020 _c395.00
_a8173410674
035 _aA-991978, A-991982
037 _bCen Lib/Ret
040 _aDPL
_bEN
_c0
082 _a954.08
_bCHA
100 _aChander, Prakash
_930146
245 _aModern India :
_cby Prakash Chander
_b1757-1947 /
260 _aDelhi
_bIndian Publishers
_c1999
270 _a156-D, Kamla Nagar
_bDelhi
_e110007
300 _aviii,317p.
_c19cm(Hb)
650 _aBritish Occupation of India (1765-1947)
_930821
650 _aIndia -- History -- British occupation, 1765-1947
_930822
942 _2ddc
_cEN
_h954.08
_mCHA
999 _c131099
_d131099